Albums par cover - rap français #2 - Statistiques

Statistiques générales
  • Ce quiz a été pris 2 797 fois
  • Le résultat moyen est 10 sur 20
Statistiques - réponses
Par images Réponse % Correct
A7
89%
Deux Frères
85%
Polak
83%
Trinity
72%
Lithopédion
71%
LMF
70%
1994
64%
KMT
61%
L'Homme au Bob
59%
Gravé Dans La Roche
48%
D.U.C
46%
BLO
40%
Dans Ma Paranoia
40%
Mauvais Oeil
40%
L'affranchi
38%
Fissure de vie
32%
Vidalo$$a
25%
Sélection naturelle
20%
Trop chaud
16%
Drôle de Mentalité
15%
Aucun quiz correspondant
Distribution des résultats
% des personnes avec chaque résultat
Percentile par nombre de réponses
Votre historique - résultats
Vous n’avez pas pris ce quiz